Librarianship and information work worldwide ...
| Ďalší autori: | |
|---|---|
| Médium: | Seriál |
| Jazyk: | angličtina |
| Fyzický popis: | zv. 23 cm |
| Vydavateľské údaje: |
London
Bowker-Saur
[1993-2000]
|
| ISBN: | 1857390598 1857391640 1857391691 1857392973 1857392639 |
| Predmet: |
MARC
| LEADER | 00000cas a2200000 a 4500 | ||
|---|---|---|---|
| 001 | vtls001342952 | ||
| 003 | SK-MaSNL | ||
| 005 | 20260228155730.0 | ||
| 008 | 180126d19932000xxkar 0 0a0eng c | ||
| 020 | |a 1857390598 |c [3813,00] | ||
| 020 | |a 1857391640 |c [3813,00] | ||
| 020 | |a 1857391691 |c [5579,00] | ||
| 020 | |a 1857392973 |c [6625,00] | ||
| 020 | |a 1857392639 |c [7166,00] | ||
| 035 | |a SNK000296118 | ||
| 040 | |a SNK |b slo |c SNK |e AACR2 | ||
| 041 | 0 | |a eng | |
| 044 | |a xxka |c GB | ||
| 072 | 7 | |a 02 |x Knihovníctvo. Informatika |2 konspekt | |
| 072 | 7 | |a 007 |x Teória systémov. Automatické systémy. Kybernetika. Informačné systémy |2 konspekt | |
| 080 | |a 02 |2 2011 | ||
| 080 | |a 007+004 |2 2011 | ||
| 080 | |a (082) |2 2011 | ||
| 245 | 0 | 0 | |a Librarianship and information work worldwide ... |
| 260 | |a London |b Bowker-Saur |c [1993-2000] | ||
| 300 | |a zv. |c 23 cm | ||
| 310 | |a 1x ročne | ||
| 362 | |a [1993-2000] | ||
| 500 | |a Editor: Maurice Line | ||
| 500 | |a Súčasťou názvu je označenie roka | ||
| 650 | 0 | 7 | |a knihovníctvo |2 SNKPH |9 1557 |
| 650 | 0 | 7 | |a informatika |2 SNKPH |9 1124 |
| 655 | 7 | |a zborníky |2 SNKPH |9 70165 | |
| 700 | 1 | |a Line, Maurice |4 edt |9 265230 | |
| 910 | |a snk | ||
| 919 | |a 1-85739-059-8 | ||
| 919 | |a 1-85739-164-0 | ||
| 919 | |a 1-85739-169-1 | ||
| 919 | |a 1-85739-297-3 | ||
| 919 | |a 1-85739-263-9 | ||
| 999 | |c 364 |d 364 | ||
| 952 | |0 0 |1 0 |4 0 |7 0 |8 2 |a SNKUST |b SNKUST |d 1997-01-23 |i snkV 306/97 |l 0 |o snkČSC 3184/1995 |p 17A0027784 |r 2025-03-19 00:00:00 |t snkLIW/95 02(031) |w 2026-02-21 |y PREZ | ||
| 952 | |0 0 |1 0 |4 0 |7 0 |8 2 |a SNKUST |b SNKUST |d 1998-09-24 |i snkV 1117/98 |l 0 |o snkČSC 3184/1998 |p 17A0158162 |r 2025-03-19 00:00:00 |t snkLIW/98 02(031) |w 2026-02-21 |y PREZ | ||
| 952 | |0 0 |1 0 |4 0 |7 0 |8 2 |a SNKUST |b SNKUST |d 2000-05-24 |i snkV 1911/94 |l 0 |o snkČSC 3184/1993 |p 17A0096357 |r 2025-03-19 00:00:00 |t snkLIW/93 02(031) |w 2026-02-21 |y PREZ | ||
| 952 | |0 0 |1 0 |4 0 |7 0 |8 2 |a SNKUST |b SNKUST |d 2000-05-24 |i snkV 1181/96 |l 0 |o snkČSC 3184/1994 |p 17A0006913 |r 2025-03-19 00:00:00 |t snkLIW/94 02(031) |w 2026-02-21 |y PREZ | ||
| 952 | |0 0 |1 0 |4 0 |7 0 |8 2 |a SNKUST |b SNKUST |d 2000-05-24 |i snkV 2870/97 |l 0 |o snkČSC 3184/1996-1997 |p 17A0096524 |r 2025-05-30 00:00:00 |t snkLIW/96-97 02(031) |w 2026-02-21 |y PREZ | ||
| 952 | |0 0 |1 0 |4 0 |7 0 |8 2 |a SNKUST |b SNKUST |d 2000-05-24 |i snkV 774/2000 |l 0 |o snkČSC 3184/1999 |p 17A0237666 |r 2025-03-19 00:00:00 |t snkLIW/99 02(031) |w 2026-02-21 |y PREZ | ||
| 952 | |0 0 |1 0 |4 0 |7 0 |8 2 |a SNKUST |b SNKUST |d 2001-04-17 |i snkV 498/2001 |l 0 |o snkČSC 3184/2000 |p 17A0271352 |r 2025-03-19 00:00:00 |t snkLIW/00 02(031) |w 2026-02-21 |y PREZ | ||


